| Tag |
First Indicator |
Second Indicator |
Subfields |
| LEADER |
00000nam a2200000 i 4500 |
| 001 |
in00004018713 |
| 005 |
20190117124005.0 |
| 006 |
m o d f |
| 007 |
cr bn||||||||| |
| 008 |
180504s2001 dcu ob f000 0 eng c |
| 035 |
|
|
|a (OCoLC)on1034013702
|
| 042 |
|
|
|a pcc
|
| 043 |
|
|
|a n-us---
|
| 040 |
|
|
|a ELC
|b eng
|e rda
|e pn
|c ELC
|d OCLCF
|d GPO
|d MvI
|
| 049 |
|
|
|a WWW
|
| 074 |
|
|
|a 0484-E (online)
|
| 086 |
0 |
|
|a EP 6.52:C 73/2
|
| 088 |
|
|
|a EPA 420-S-01-002
|
| 245 |
0 |
0 |
|a Guaranteed ride home programs :
|b implementing commuter benefits under the commuter choice leadership initiative.
|
| 246 |
3 |
0 |
|a Implementing commuter benefits under the commuter choice leadership initiative
|
| 246 |
1 |
7 |
|a CCLI: guaranteed ride home programs
|
| 264 |
|
1 |
|a [Washington, D.C.] :
|b United States Environmental Protection Agency, Air and Radiation, Transportation and Air Quality,
|c 2001.
|
| 300 |
|
|
|a 1 online resource (4 unnumbered pages, 19 pages)
|
| 336 |
|
|
|a text
|b txt
|2 rdacontent
|
| 337 |
|
|
|a computer
|b c
|2 rdamedia
|
| 338 |
|
|
|a online resource
|b cr
|2 rdacarrier
|
| 500 |
|
|
|a "EPA 420-S-01-002."
|
| 500 |
|
|
|a "September 2001."
|
| 504 |
|
|
|a Includes bibliographical references (pages 15-16).
|
| 588 |
|
|
|a Description based on online resource; title from PDF title page (EPA, viewed May 4, 2018).
|
| 650 |
|
0 |
|a Employer-sponsored transportation
|z United States.
|
| 650 |
|
0 |
|a Commuting
|z United States.
|
| 650 |
|
0 |
|a Ridesharing
|z United States.
|
| 650 |
|
7 |
|a Commuting.
|2 fast
|0 (OCoLC)fst00871227
|
| 650 |
|
7 |
|a Employer-sponsored transportation.
|2 fast
|0 (OCoLC)fst00909282
|
| 650 |
|
7 |
|a Ridesharing.
|2 fast
|0 (OCoLC)fst01097753
|
| 651 |
|
7 |
|a United States.
|2 fast
|0 (OCoLC)fst01204155
|
| 710 |
1 |
|
|a United States.
|b Environmental Protection Agency.
|b Office of Transportation and Air Quality,
|e issuing body.
|
| 856 |
4 |
0 |
|u https://purl.fdlp.gov/GPO/gpo111690
|t 0
|
| 999 |
f |
f |
|s b96ef77e-fb71-31a6-a01c-f098c286f62f
|i 9bc9b6a5-70e0-3d13-882b-669f07ca507d
|t 0
|
| 952 |
f |
f |
|a Texas A&M University
|b College Station
|c Electronic Resources
|d Available Online
|t 0
|e EP 6.52:C 73/2
|h Superintendent of Documents classification
|
| 998 |
f |
f |
|a EP 6.52:C 73/2
|t 0
|l Available Online
|